000
00297nam a2200109Ia 4500
008
220204s9999 xx 000 0 und d
082
_a
681.31(058)
_b
MAN
245
0
_a
Indian directory of computer software
260
_a
Delhi
_b
Constellate consultants
_c
1985
700
_a
Mandelia, B P
942
_c
BK
999
_c
39555
_d
39555